Unwort des Jahres in Österreich (1999-2024, mit Hinweis) - Statistiken

Allgemein
  • Dieses Quiz wurde 2 mal gespielt
  • Das Durchschnittsergebnis liegt bei 8 aus 26
Antwortstatistiken
Jahr Hinweis Unwort des Jahres % Korrekt
2011 Gegenteil von Söhne + Gegenteil von Töchter Töchtersöhne
100%
2017 _ Alternative Fakten
50%
2009 Synonym für Etikettenschwindel Analogkäse
50%
2019 Ibiza-Video B’soffene G’schicht
50%
2020 Verbreiter von Covid Coronaparty
50%
2022 _ Energiekrise
50%
2010 Rechter, widersprüchlicher Begriff der Abschiebung Humane Abschiebung
50%
2013 Rechtes Synonym der FPÖ für ausländerfeindlich inländerfreundlich
50%
2023 Abwertender Begriff gegen junge Menschen die sich gegen die Klimakrise einsetzen Klimaterroristen
50%
2007 Hoher Konsum von Alkohol Komasaufen
50%
2014 Andreas Mölzer N-Wort-Konglomerat
50%
2016 Möglicher EU-Austritt Österreichs Öxit
50%
2021 Verschwörungstheoretiker Querdenker
50%
2024 Herbert Kickls Volkskanzler
50%
2006 Zunehmende Aggressivität in Werbung & Gesellschaft Ätschpeck
0%
2003 _ Besitzstandswahrer
0%
2015 Johanna Mikl-Leitner, Zaun an slowenischer Grenze Besondere bauliche Maßnahmen
0%
2004 Kurt Krenn Bubendummheiten
0%
2018 Verordnung der EU Datenschutz­grundverordnung
0%
2008 Begriff der Finanz- & Bankenwelt Gewinnwarnung
0%
2005 Gegenteil von positiv + Synonym von Immigration Negativzuwanderung
0%
2001 _ Nichtaufenthaltsverfestigte
0%
2002 Jörg Haider Rücktritt vom Rücktritt
0%
1999 Bezeichnung einer Person in Abschiebehaft Schübling
0%
2000 _ soziale Treffsicherheit
0%
2012 _ Unschuldsvermuteter
0%
Keine übereinstimmenden Quizze gefunden
Verteilung der Resultate
Anzahl Personen mit jedem Resultat
Perzentil nach korrekt beantworteten Fragen
Ihre Resultats-Entwicklung
Sie haben dieses Quiz noch nicht gespielt